| 000 | 00425nam a2200145Ia 4500 | ||
|---|---|---|---|
| 008 | 211109s9999||||xx |||||||||||||| ||und|| | ||
| 082 |
_a894.433 _bAGR-H |
||
| 100 | _aAgrawal, G D | ||
| 245 | 0 | _aHirakude-Vanch Yochana Ki Kahani | |
| 260 |
_bIndia Govt of Ministry Inform _aNew Delhi _c1957 |
||
| 300 | _a112p. | ||
| 630 | _xGeneral Stack | ||
| 650 |
_ahindi literature _vhindi fictionhindi stories _xGeneralia |
||
| 942 | _cBOOK | ||
| 999 |
_c18694 _d18694 |
||